Loading...
| Literature - European | 0 | 4 | 0 | 1 | 40 | 24 | 57.50 | 2 | 3 | 0.00 | 0.00 |
| Fine Arts - Classical Music | 0 | 4 | 0 | 1 | 40 | 37 | 87.25 | 0 | 2 | 0.00 | 0.00 |
| History - European | 0 | 3 | 0 | 1 | 30 | 55 | 73.33 | 0 | 1 | 0.00 | 0.00 |
| History - Other | 0 | 4 | 2 | 0 | 30 | 18 | 38.50 | 2 | 3 | 0.00 | 0.00 |
| History - World | 0 | 3 | 0 | 0 | 30 | 63 | 75.00 | 0 | 1 | 0.00 | 0.00 |
| Science - Biology | 0 | 3 | 0 | 1 | 30 | 72 | 82.00 | 0 | 1 | 0.00 | 0.00 |
| Pop Culture | 0 | 3 | 0 | 0 | 30 | 49 | 54.33 | 1 | 1 | 0.00 | 0.00 |
| Mythology | 0 | 3 | 1 | 0 | 25 | 36 | 57.00 | 2 | 2 | 0.00 | 0.00 |
| Literature - American | 0 | 2 | 1 | 1 | 15 | 26 | 66.00 | 1 | 1 | 0.00 | 0.00 |
| Social Science | 0 | 1 | 0 | 1 | 10 | 103 | 103.00 | 0 | 1 | 0.00 | 0.00 |
| Literature - British | 0 | 1 | 0 | 1 | 10 | 112 | 112.00 | 0 | 0 | 0.00 | 0.00 |
| Science - Physics | 0 | 1 | 0 | 0 | 10 | 22 | 22.00 | 1 | 1 | 0.00 | 0.00 |
| Current Events | 0 | 1 | 0 | 1 | 10 | 106 | 106.00 | 0 | 0 | 0.00 | 0.00 |
| Science - Other | 0 | 1 | 1 | 1 | 5 | 79 | 79.00 | 0 | 0 | 0.00 | 0.00 |
| Philosophy | 0 | 1 | 1 | 0 | 5 | 23 | 23.00 | 1 | 1 | 0.00 | 0.00 |
| Religion | 0 | 1 | 2 | 0 | 0 | 80 | 80.00 | 0 | 1 | 0.00 | 0.00 |